| 000 | 00745cac a22001931u 4500 | ||
|---|---|---|---|
| 008 | 081117t1993 xxu||||| |||| 00| 0 eng d | ||
| 010 | _a 92012094 | ||
| 020 | _a0131755633 | ||
| 082 | 0 | 0 |
_a004.22 _bMAN _222 |
| 100 | 1 |
_aMano, M. Morris, _928168 |
|
| 245 | 1 | 0 |
_aComputer system architecture / _cM. Morris Mano. |
| 250 | _a3rd ed. | ||
| 260 |
_aEnglewood Cliffs, N.J. : _bPrentice Hall, _cc1993. |
||
| 300 |
_axviii, 525 p. : _bill. ; _c25 cm. |
||
| 504 | _aIncludes bibliographical references and index. | ||
| 650 | 0 |
_aComputer architecture. _928169 |
|
| 942 |
_cNB _k004.22M2853 _2ddc |
||
| 999 |
_c4101 _d4101 |
||